00728nam a22002057a 450000500170000001000150001702000260003203500130005803700130007108200110008410000200009524500950011526000330021027000700024330000240031350000190033794200250035699900170038195201240039820150622164252.0 aENG-112993 a9789382420194c695.00 aEN-96525 bDBAD/PUB a954.09 aDasgupta, Arjun aMethodology of Indian historical writings in modern India (1850-1975) /cby Arjun Dasgupta bKunal Booksc2013aNew Delhi b New Delhie110002a4648/21, First Floor, Ansari Road, Daryaganj, axvi,188p.c23cm(Hb) aIncludes index 2ddccENmDASh954.09 c93629d93629 001040718NFICaDBADbDBADd2015-05-15eDBAD/PUBg695.00l0o954.09 DASpEN-96525r2015-05-15 00:00:00t1v695.00yEN